| 000 | 00679nam a22002057a 4500 | ||
|---|---|---|---|
| 005 | 20251030155352.0 | ||
| 010 | _aENG-147048 | ||
| 020 |
_c899.00 _a9789364442541 |
||
| 035 | _aEN-130580 | ||
| 037 | _bDBAD | ||
| 082 |
_a658.4012 _27 |
||
| 100 |
_aSchilling, Melissa A. _985586 |
||
| 245 | 0 | 0 |
_aStrategic Management of Technological Innovation/ _cMelissa A. Schilling [and] Ravi Shankar |
| 250 | _a3 | ||
| 260 |
_aChennai _bMcGraw Hill Education _c2025 |
||
| 270 |
_aAnjana Complex No. 5/90 A, Butt Road, St Thomas Mount _bChennai _e600016 |
||
| 300 |
_axxii, 402p. _c24cm(pb) |
||
| 700 |
_aRavi Shankar _eAuthor _985584 |
||
| 942 |
_2ddc _cEN _mSCH _h658.4012 |
||
| 999 |
_c213695 _d213695 |
||